000 00471nam a2200169Ia 4500
005 20250606003839.0
008 240331s9999 xx 000 0 und d
020 _a905031094X
082 _bVIV
_a303
245 0 _aVividhathwayata amanthrnaya :
_bgatuma ha samaya pilibanda Sri Lankika kathika
260 _bNetherlands Institute of International Relations
300 _aXX, 298 p .,
650 _aConflict
650 _aPeace
700 _aFerxs,J.
_eedt
942 _cL
999 _c5137
_d5137